Culture Générale - Série 2164 - Statistiques

Statistiques générales
  • Ce quiz a été pris 126 fois
  • Le résultat moyen est 6 sur 10
Statistiques - réponses
Question Réponse % Correct
Quel animal est Garfield dans la série télévisée du même nom ? chat
95%
Quel prêtre confesseur de Louis XIV a donné son nom à un célèbre cimetière parisien ? Lachaise
88%
Dans la bande dessinée Lucky Luke, comment s'appelle le chien stupide ? Rantanplan
87%
Lampadaire extérieur placé en périphérie des voies de circulation publiques et qui s'allume le soir.- 9 lettres commençant par " r " réverbère
75%
Dans la bande dessinée "Les Schtroumpfs", comment s'appelle le chat de Gargamel (nommé d'après l'ange de la mort)? Azraël
70%
De quelle ville sont originaires les membres du groupe Zebda, connu pour le tube "Tomber la chemise" ? Toulouse
63%
De quel pays d'Océanie Tarawa est-elle la capitale ? Kiribati
48%
Quel groupe français des années 1970, dont le nom évoque une figure géométrique, a connu le succès avec " Peut-être demain" et "Viens avec nous" ? Triangle
35%
Quel autre nom porte le lévrier russe ? voir photo barzoï
20%
C'est le titre d'un film d'Henry Hathaway de 1953 et le nom d'un groupe français des années 1980 Niagara
12%
Aucun quiz correspondant
Distribution des résultats
% des personnes avec chaque résultat
Percentile par nombre de réponses
Votre historique - résultats
Vous n’avez pas pris ce quiz